Responses for Show #8569 - Thursday, February 3, 2022

Contestants

[<< previous game]

Zach Gozlan, a data analyst from Washington, D.C.

Heather Brice, a retired flight attendant from Brooksville, Florida

Emma Saltzberg, a consultant from Brooklyn, New York (whose 1-day cash winnings total $22,200)

[next game >>]

Jeopardy! Round responses

THE 20th CENTURY
IT'S A NATIONAL THING
(Mayim: Each response is or contains a national adjective.)
DATING THE REALITY SHOW
IT WAS ALL PURPLE
FOR NAUGHT
MASHED-UP BOOK TITLES
(Mayim: Name the two books by the same author that we have combined.)
    $200 1
Princess Diana

Emma
    $200 7
Chinese checkers

Zach
    $200 3
the Bachelorette

Emma
    $200 16
"America The Beautiful"

Zach
    $200 21
diddly

Heather
    $200 26
Horton Hears a Who! & Green Eggs and Ham

Zach
    $400 2
the decathlon & the pentathlon

Zach
    $1,000 12
the Spanish Armada

Emma
    $400 8
Love Island

Emma
    $400 17
the Purple Heart

Zach
    $400 22
Zippo

Heather
    $400 27
The Runaway Jury & The Pelican Brief

Zach
    $600 4
1961

Emma
    $600 13
the French Open

Zach
    $600 9
90 Day Fiancé

Zach
    $600 18
Purple Rain

Emma
    $600 23
(Zach: What is "nunya business"? [*].)

none of your business

Zach
    $600 28
Pride and Prejudice & Sense and Sensibility

Emma
    $800 5
Operation Desert Storm

Emma
    $800 14
a Maltese

Triple Stumper
    $800 10
Love is Blind

Emma
    $800 19
Northwestern

Zach
    $800 24
I & H

Emma
    $800 29
Love in the Time of Cholera & The Hundred Years of Solitude

Zach
    $1000 6
(Heather: What is "Sinn Fine"?)
(Emma: What is Sinn Féin?)

Fine Gael

EmmaHeather
Triple Stumper
    $1000 15
Canadian bacon

Zach
    $1000 11
(Emma: Uh, who is Tila Tequila?)

Ex on the Beach

Emma
Triple Stumper
    $1000 20
(Sandra) Cisneros

Emma
    $1000 25
[Laughter]

bupkes

Emma
    $1000 30
(Zach: What is God Bless You, Mr. Rosencrantz and [**]?)

God Bless You, Mr. Rosewater & Cat's Cradle

Zach
Triple Stumper

Scores at the first commercial break (after clue 15):

Emma Heather Zach
$2,000 -$1,000 $2,800

Scores at the end of the Jeopardy! Round:

Emma Heather Zach
$6,000 -$400 $5,200

Double Jeopardy! Round responses

THE EXILE FILES
IDIOMS & EXPRESSIONS
LAUGHTER IN THE BIBLE
ROCKS & MINERALS
THE MUSIC "MAN"
TRIBUTARIES
    $400 6
the Cajun

Zach
    $400 1
wet my beak

Zach
    $400 26
dead

Emma
    $400 12
erosion

Zach
    $400 8
The Allman Brothers

Zach
    $400 21
the Mississippi

Heather
    $800 13
Bobby Fischer

Heather
    $800 2
stay in your lane

Emma
    $800 27
wine

Heather
    $800 17
quartz

Zach
    $800 11
Method Man

Heather
    $800 22
the Amazon

Emma
    $1200 14
(Emma: What is Chile?)

Cuba

EmmaZach
    $3,000 3
the grapevine

Emma
    $1200 28
Abraham

Heather
    $1200 18
sedimentary

Zach
    $1200 10
Portugal. The Man

Zach
    $1200 23
the Yukon

Emma
    $1600 15
Austria-Hungary

Zach
    $1600 4
a superpower

Emma
    $1600 29
Job

Emma
    $1600 19
(Zach: What is zirconium?)

zircon

HeatherZach
    $1600 7
Barry Manilow

Heather
    $1600 24
the Mekong

Zach
    $2000 16
Voltaire

Triple Stumper
    $2000 5
the benefit of the doubt

Emma
    $2000 30
the house of mirth

Emma
    $2,500 20
(Heather: [Makes faces; audience laughs] What is the potato?)

the lithosphere

Heather
    $2000 9
Manfred Mann

Zach
    $2000 25
(Zach: What is the Indus?)

the Loire

EmmaZach

Scores at the end of the Double Jeopardy! Round:

Emma Heather Zach
$20,200 $4,300 $12,800

[wagering suggestions for these scores]

Final Jeopardy! Round responses

FAMOUS AMERICANS
(Mayim: Correct response--[*]; it was this iconic short-waisted jacket that was designed at his request and made famous by him.)
HeatherWho is Flak?
$4,000
ZachWho is Lindbergh
$7,401
EmmaWho is Flak?
$5,401
Dwight Eisenhower

Final scores:

Emma Heather Zach
$14,799 $300 $5,399
2-day champion: $36,999 3rd place: $1,000 2nd place: $2,000

Game dynamics:

Coryat scores:

Emma Heather Zach
$17,800 $6,800 $12,800
22 R
(including 2 DDs),
3 W
9 R,
2 W
(including 1 DD)
23 R,
3 W

Combined Coryat: $37,400

[game clues] [game scores] [suggest correction]

Game tape date: 2021-11-29
The J! Archive is created by fans, for fans. Scraping, republication, monetization, and malicious use prohibited; this site may use cookies and collect identifying information. See terms. The Jeopardy! game show and all elements thereof, including but not limited to copyright and trademark thereto, are the property of Jeopardy Productions, Inc. and are protected under law. This website is not affiliated with, sponsored by, or operated by Jeopardy Productions, Inc. Join the discussion at JBoard.tv.